|
|
|
|
| LEADER |
02093nam a2200481 a 4500 |
| 001 |
000704410 |
| 003 |
CZ BrMZK |
| 005 |
20040224082328.0 |
| 007 |
ta |
| 008 |
040127s2003 xr ab e 000 0 cze d |
| 015 |
|
|
|a cnb001299862
|
| 020 |
|
|
|a 80-7083-740-3
|q ((Technická univerzita Liberec) brož.)
|
| 020 |
|
|
|a 80-86124-40-1
|q ((Archeologický ústav AV ČR) brož.)
|
| 035 |
|
|
|a (OCoLC)56859953
|
| 040 |
|
|
|a BOA001
|b cze
|
| 041 |
0 |
|
|a cze
|a eng
|
| 043 |
|
|
|a e-xr---
|b e-xr-cc
|2 czenas
|
| 072 |
|
7 |
|a 902
|x Archeologie
|2 Konspekt
|9 8
|
| 080 |
|
|
|a 902:904
|2 MRF
|
| 080 |
|
|
|a 682
|2 MRF
|
| 080 |
|
|
|a (437.31-17)
|2 MRF
|
| 080 |
|
|
|a (437.31-18)
|2 MRF
|
| 080 |
|
|
|a (048.8)
|2 MRF
|
| 080 |
|
|
|a 620.18
|2 MRF
|
| 080 |
|
|
|a 902.2
|2 MRF
|
| 100 |
1 |
|
|a Hošek, Jiří,
|d 1972 březen 29.-
|7 mzk2004217964
|4 aut
|
| 245 |
1 |
0 |
|a Metalografie ve službách archeologie =
|b Metallography in the service of archaeology : stav metalografického výzkumu artefaktů staré kovářské výroby na severu a severovýchodě Čech /
|c Jiří Hošek
|
| 246 |
3 |
1 |
|a Metallography in the service of archaeology
|
| 260 |
|
|
|a Praha :
|b Archeologický ústav Akademie věd České republiky ;
|a Liberec :
|b Technická univerzita v Liberci, Fakulta strojní, Katedra materiálu,
|c 2003
|
| 300 |
|
|
|a 251 s. :
|b il., mapy ;
|c 30 cm
|
| 500 |
|
|
|a 200 výt.
|
| 500 |
|
|
|a Částečně anglický text
|
| 504 |
|
|
|a Obsahuje bibliografii a bibliografické odkazy
|
| 650 |
|
7 |
|a archeologické výzkumy
|7 ph118577
|z Čechy severovýchodní (Česko)
|2 czenas
|
| 650 |
0 |
7 |
|a archeologické nálezy
|7 ph137683
|z Čechy severní (Česko)
|2 czenas
|
| 650 |
0 |
7 |
|a archeologické nálezy
|7 ph137683
|z Čechy severovýchodní (Česko)
|2 czenas
|
| 650 |
|
7 |
|a kovářství
|7 ph114996
|z Česko
|y 8.-16. stol.
|2 czenas
|
| 650 |
0 |
7 |
|a metalografie
|7 ph122769
|2 czenas
|
| 650 |
0 |
7 |
|a archeologické výzkumy
|7 ph118577
|z Čechy severní (Česko)
|2 czenas
|
| 655 |
|
7 |
|a studie
|7 fd133597
|2 czenas
|
| 910 |
|
|
|a BOA001
|b 3-1128.672
|
| 990 |
|
|
|a BK
|
| 996 |
6 |
|
|b 2610211153
|c 3-1128.672
|l MZK
|r Sklad / do 1 hodiny
|n 4
|p p.v.
|w 000704410
|u 000010
|a 1
|e BOA001
|j MZK50
|s P
|